| 000 | 00448nam a2200181Ia 4500 | ||
|---|---|---|---|
| 003 | OSt | ||
| 005 | 20260331144408.0 | ||
| 008 | 250729s2011 xx 000 0 und d | ||
| 040 | _cAL | ||
| 041 | _akan | ||
| 082 | _a370.15 SHAA | ||
| 100 |
_aDr.A.Shashikala _9230759 |
||
| 245 | _aAdhunikha shikshanada olavugalu | ||
| 260 |
_aBangalore _bVijayalakshmi Prakashana _c2011 |
||
| 300 | _a366p | ||
| 650 |
_aEducation _9230760 |
||
| 942 |
_2ddc _cBED |
||
| 999 |
_c238942 _d238942 |
||